| 000 | 00918nam a2200313 a 4500 | ||
|---|---|---|---|
| 001 | 42624 | ||
| 003 | AR-BaAGN | ||
| 005 | 20231228104553.0 | ||
| 007 | ta | ||
| 008 | 220625s1999 ag |||||r|||| ||||||spa d | ||
| 040 |
_dAR-BaAGN _aAR-BaAGN _bspa _eaacr |
||
| 100 | 1 |
_aArias Divito, Juan Carlos _96882 |
|
| 245 | 1 | 0 | _aLa misión de Juan Martín de Pueyrredón a España |
| 250 | _a1ª ed. | ||
| 260 |
_aBuenos Aires : _bFundación Nuestra Historia, _c1999. |
||
| 300 | _a55 páginas | ||
| 336 |
_2rdacontent _btxt |
||
| 337 |
_2rdamedia _bn |
||
| 338 |
_2rdacarrier _bnc |
||
| 490 | 0 |
_aCuadernos ; _vno. 5 |
|
| 600 | 1 | 4 |
_aBonaparte, Napoleón, _d1769-1821 _97088 |
| 600 | 1 | 4 |
_aPueyrredón, Juan Martín de, _d1777-1850 _97084 |
| 650 | 4 |
_aINDEPENDENCIA _91525 |
|
| 651 | 4 |
_aBuenos Aires _94086 |
|
| 651 | 4 |
_aEspaña _93628 |
|
| 651 | 4 |
_aVirreinato del Río de la Plata _9172 |
|
| 942 | _cLIBRO | ||
| 999 |
_c42624 _d42624 |
||